000 00530nam a2200169Ia 4500
008 090711s9999 xx 000 0 und d
082 _b54983
100 _aहिवराळे सुखराम
245 _aआभाळ आणि जागरण
260 _c1982
300 _a147
600 _aहिवराळे सुखराम
630 _aआभाळ आणि जागरण
700 _aहिवराळे सुखराम
730 _aआभाळ आणि जागरण
942 _cBOOK
999 _c302792
_d302792